000 00638nam a2200133 a 4500
008 070417s9999 ||||||||||||||||| || u
050 _aUSAID(01)
110 _aUnited States Agency for International Development (USAID)
245 1 0 _aReproductive health
_cby the United States Agency for International Development
260 _aWashington, D. C.
_bSupport for Analysis and Research in Africa(SARA)
_c
350 _a0.00
650 _aReproductive health--Cross-cultural studies
995 _D0.00
_FCBU-MAIN LIBRARY (Kitwe)
_H1
_I0.00
_M1
_UAVAILABLE
_WApr 17, 2007
_ZInternational Publications
999 _c56256
_d56256